قهوة الجنرال / (رقم التسجيلة. 134045)

تفاصيل مارك
000 -الفاتح
عناصر البيانات ثابتة الطول 00565cam a2200181 i 4500
005 - تاريخ ووقت آخر معاملة
حقل ضبط 20260205121714.0
008 - عناصر البيانات ثابتة الطول
عناصر البيانات ثابتة الطول 250721s2014 ts gr 000 f ara d
020 ## - الترقيم الدولي المعياري للكتب (ردمك)
الترقيم الدولي المعياري للكتب (ردمك) 9789187373565
082 14 - رقم تصنيف ديوي العشري
رقم التصنيف قج ب ا
100 1# - مدخل رئيسي – اسم شخصي
الاسم الشخصي الجباعي، غسان
علاقة الشخص بالعمل/ دوره مؤلف.
245 10 - بيان العنوان
العنوان قهوة الجنرال /
بيان المسؤولية غسان الجباعي.
264 31 - بيانات النشر، التوزيع…إلخ
مكان النشر، التوزيع...إلخ راس الخيمة :
اسم الناشر، الموزع...إلخ دار نون،
تاريخ النشر، التوزيع...إلخ 2014.
300 ## - الوصف المادي
عدد الوحدات المكونة للوعاء 109 صفحة.
650 17 - مدخل إضافي بالموضوع - مصطلح موضوعي
مصطلح موضوعي أو اسم جغرافي كعنصر مدخل الروايات العربية.
650 17 - مدخل إضافي بالموضوع - مصطلح موضوعي
مصطلح موضوعي أو اسم جغرافي كعنصر مدخل الأدب ا لعربي.
942 ## - بيانات إضافية (كوها)
نوع التنصيف Dewey Decimal Classification
نوع المادة (كوها) كتب
المقتنيات
حالة السحب حالة الفقدان مصدر التصنيف حالة التلف غير قابل للإعارة المكتبة الرئيسية المكتبة الحالية موقع الرف تاريخ التزويد الرقم المتسلسل Total Checkouts رقم الإستدعاء الباركود تاريخ آخر ظهور تاريخ الفاتورة نوع المادة (كوها)
    Dewey Decimal Classification     المكتبة المركزية المكتبة المركزية الإعارة 28/07/2025 1616849   ق/ ج ب ا PLD00368564 28/07/2025 28/07/2025 كتب
Implemented & Customized by: BBB with SCIT (Smart Chains for Information Technology)

Powered by Koha